01180nam a2200337 i 450000500170000000700030001700800410002002000180006104000350007904100080011408400120012210000370013424500750017125000220024626400390026830000400030733600270034733700330037433800280040749000190043552100530045454500770050765000420058465000460062665000360067265000240070865000340073270000460076694200150081299900150082720220317002010.0ta201104s2019 ck a|||jr|||| 00| f spa d a9789580012139 aCO-BoRNBPbspaerdacCO-BoRNBP0 aspa aN CHA361 aChaviano, Daínad1957-eautora10aAmoroso planetacDaína Chaviano ; ilustrado por Cristhian Contreras  aPrimera edición 1aBogotá bEducactivabNormac2019 a157 páginasbilustracionesc23 cm 2rdacontentatextobtxt 2rdamediaasin mediaciónbn 2rdacarrieravolumenbnc0 aFuera de serie aRecomendado para un público mayor de 15 años aIncluye datos biográficos de la autora e ilustrador al final del texto172LEMBaNovela juvenil cubanaySiglo XX172LEMBaLiteratura juvenil cubanaySiglo XX172LEMBaAutores cubanosySiglo XX172LEMBaAmorvNovela 172LEMBaLo maravillosovNovela 1 aContreras, Cristhian eilustrador9157119 2loccBKLIT c8836d8836